000 01225nam a22002297a 4500
003 KOHA_MİRAKIL
005 20250630181437.0
008 250630b tu ||||| |||| 00| 0 tur d
020 _a9786059347372
040 _aTR-AnABB
_btur
_cTR-AnABB
041 _atur
082 _a779.4056511
_bBIR 2025
110 1 _aAnkara Büyükşehir Belediyesi Gençlik ve Spor Hizmetleri Dairesi Başkanlığı
_92167
245 0 0 _aBir zamanlar Ankara /
_cAnkara Büyükşehir Belediyesi Gençlik ve Spor Hizmetleri Dairesi Başkanlığı ; yayın koordinatörü: Serkan Yorgancılar; yayın kurulu: Halil İbrahim Yılmaz, Savaş Zafer Şahin, Lale Özgenel, Ömer Şan, Esra Erten, Süreyya Demirel, Mustafa Tunç, Turan Duman
246 _aDericizade Faruk Küçük'ün koleksiyonundan tarihi Ankara fotoğrafları
260 _aAnkara:
_bAnkara Büyükşehir Belediyesi Gençlik ve Spor Hizmetleri Dairesi Başkanlığı,
_c2025
300 _a312 sayfa;
_c24 cm
700 1 _aYorgancılar, Serkan,
_eyayın koordinatörü
_92168
856 _uhttps://katalog.ankara.bel.tr/cgi-bin/koha/opac-retrieve-file.pl?id=9fd101c975eb9d1298b60b418ef42455
_qpdf
_3Tam Metin Erişimi (PDF)
900 _bCan ÇELIK
942 _2ddc
_cBK
999 _c8909
_d8909